000 00223nam a2200097Ia 4500
008 190216s9999||||xx |||||||||||||| ||und||
100 _aGeorge D Almeyda
245 0 _aArk Veldanam
260 _bKerala Basha Inst
942 _cBK
999 _c37738
_d37738